Zahraničněobchodní politika České republiky po vstupu do Evropské unie

Príspevok venovaný jednej zo šiestich negociačných kapitol - Vnější vztahy a jej hlavnej zložke - zahraničná obchodná politika. Spoločná obchodná politika EÚ. Nástroje obchodnej politiky.

Salvato in:
Dettagli Bibliografici
Autore principale: Somol, Miroslav
Natura: Capitolo di libro
Lingua:ceco
Soggetti:
Tags: Aggiungi Tag
Nessun Tag, puoi essere il primo ad aggiungerne!!

MARC

LEADER 00000naa a2200000 4500
001 r048141
005 20230908091445.6
041 0 |a cze 
044 |a CZ 
245 1 0 |a Zahraničněobchodní politika České republiky po vstupu do Evropské unie  |c Miroslav Somol 
520 |a Príspevok venovaný jednej zo šiestich negociačných kapitol - Vnější vztahy a jej hlavnej zložke - zahraničná obchodná politika. Spoločná obchodná politika EÚ. Nástroje obchodnej politiky. 
610 2 0 |a obchod zahraničný 
610 2 0 |a politika obchodná 
610 2 0 |a Česko 
610 2 0 |a Európska únia 
610 2 0 |a trh zahraničný 
100 1 |a Somol, Miroslav